| 000 | 00515nam a2200181Ia 4500 | ||
|---|---|---|---|
| 005 | 20250609103148.0 | ||
| 008 | 008 250516s9999 xx 000 0 eng d | ||
| 020 | _a9781846684975 | ||
| 040 |
_beng _cSDCL |
||
| 041 |
_aeng _2eng |
||
| 084 | _aV1'P R1 | ||
| 100 | _aColley, Linda | ||
| 245 | 0 |
_aGun, the ship, and the pen : _bWarfare, constitutions, and the making of the modern world |
|
| 260 |
_aLondon : _bProfile Books, _c2021. |
||
| 300 | _a502p. | ||
| 650 | _aPolitical Science | ||
| 942 |
_cTEXL _2CC |
||
| 999 |
_c1429707 _d1429707 |
||